Renewable Energy Finance Theory and Practice

Guardado en:
Detalles Bibliográficos
Autor principal: Raikar, Santosh
Otros Autores: Adamson, Seabron
Formato: Libro
Lenguaje:inglés
Publicado: London Academic Press/Elsevier 2024
Edición:2nd Edition
Materias:
Etiquetas: Agregar Etiqueta
Sin Etiquetas, Sea el primero en etiquetar este registro!

MARC

LEADER 00000nam a2200000 4500
001 0304899
005 20241105110035.6
020 |a 9780443159541 
041 0 |a eng 
044 |a GB 
245 1 0 |a Renewable Energy Finance  |b Theory and Practice  |c Santosh Raikar, Seabron Adamson 
250 |a 2nd Edition 
264 1 |a London  |b Academic Press/Elsevier  |c 2024 
300 |a 357 s. 
500 |a ProQuest e-books. 
610 2 0 |a ekonomika environmentálna 
610 2 0 |a zdroje energie obnoviteľné 
610 2 0 |a financovanie 
610 2 0 |a politika verejná 
100 1 |a Raikar, Santosh 
700 1 |a Adamson, Seabron